LEADER 00889nam0-22003251i-450- 001 990003326170403321 005 20080317085639.0 010 $a0-13-912593-0 035 $a000332617 035 $aFED01000332617 035 $a(Aleph)000332617FED01 035 $a000332617 100 $a20030910d1988----km-y0itay50------ba 101 0 $aeng 102 $aUS 105 $ay-------001yy 200 1 $a<>textbook of translation$fPeter Newmark 210 $aNew York [etc.]$cPrentice Hall$d1988 215 $axii, 292 p.$d23 cm 225 1 $aPrentice hall international English language teaching 610 0 $aTraduzioni 676 $a418 700 1$aNewmark,$bPeter$0131073 801 0$aIT$bUNINA$gRICA$2UNIMARC 901 $aBK 912 $a990003326170403321 952 $a418 NEW$b2320$fDECLI 959 $aDECLI 996 $aTextbook of translation$9447697 997 $aUNINA